Sliding Mode Control for Hydraulic Servo System

Bibliographic Details
Main Author: Winnicki, Arkadiusz (Author)
Format: Article
Language:English

MARC

LEADER 00000nab a2200000ua 4500
001 vtls010798854
003 SK-MaSNL
005 20260303135016.0
008 230218s2006 xo |||||||||||||||||eng|
035 |a (urnnbn)urn:nbn:sk:snk:ar-a04jy6 
035 |a (uuid)dc3cdaf9-031f-4961-8189-bd8e1a2b9ea6 
035 |a urn:nbn:sk:snk-ab4tse 
040 |a SNKBUCL  |b slo  |c SNKBUCL  |e AACR2 
041 0 |a eng 
044 |a xo  |c SK 
100 1 |a Winnicki, Arkadiusz  |4 aut  |9 810827 
245 1 0 |a Sliding Mode Control for Hydraulic Servo System  |c Arkadiusz Winnicki 
773 0 |t Hydraulika a pneumatika : časopis pre hydrauliku, pneumatiku a automatizačnú techniku  |g Roč. 8, č. 3-4 (2006), s. 32-34 
958 |a OND 
958 |a EUIPO 
958 |a article3 
999 |c 1963178  |d 1965108